00493nam a2200109Ia 4500008004100000050002300041100002500064245015800089260008600247300002800333521002200361140724s9999 xx 000 0 und d aLC 4717b.Y21 2011 aYan, Chan Grace Mei. 3aAn evaluation of the skills of the learners with Autism under the applied behavior analysis program at Ridge Child Learning Center /cChan Grace Mei Yan. aLas Piñas, Philippines :bSouthville International School and Colleges,cc2011. a69 p. :bill. ;c28 cm. aSpecial Education